[Event "Atlanta Altucher op 1st"]
[Site "Atlanta"]
[Date "2025.06.21"]
[Round "4"]
[White "Movva, Dhruva Ram"]
[Black "Creighton, Sasha"]
[Result "1/2-1/2"]
[WhiteElo "1590"]
[BlackElo "1931"]
[PlyCount "100"]
[EventDate "2025.06.20"]
[EventType "swiss"]
[EventRounds "7"]
[EventCountry "USA"]
[SourceTitle "CB26_2025"]
[SourceDate "2025.06.25"]
[SourceVersion "1"]
[SourceVersionDate "2025.06.25"]
[SourceQuality "1"]

1. e4 e6 2. d4 d5 3. Nc3 Nf6 4. e5 Nfd7 5. Nf3 c5 6. Bg5 Qb6 7. dxc5 Nxc5 8. Bb5+ Bd7 9. Bxd7+ Nbxd7 10. 0-0 h6 11. Bf4 Qxb2 12. Qd2 a6 13. Nd4 Qb6 14. Rab1 Qd8 15. Rfe1 Be7 16. Kh1 Rc8 17. Re2 b5 18. Rbe1 Nb6 19. Qc1 Nc4 20. Nb3 b4 21. Nxc5 Rxc5 22. Nd1 Qa5 23. c3 bxc3 24. Qxc3 Qxc3 25. Nxc3 Kd7 26. Rb1 Rhc8 27. Rb7+ R5c7 28. Rxc7+ Kxc7 29. Re1 Bb4 30. Rc1 Bxc3 31. Rxc3 Rb8 32. Rc2 Rb1+ 33. Bc1 Kc6 34. Kg1 Kc5 35. Kf1 Kd4 36. Ke2 Kxe5 37. Kd3 Kd6 38. Bf4+ e5 39. Bc1 h5 40. g3 Kc5 41. Ba3+ Kb5 42. Bf8 g6 43. Be7 e4+ 44. Ke2 d4 45. a4+ Kc6 46. Rxc4+ Kd5 47. Rc5+ Ke6 48. Bd8 d3+ 49. Kd2 Rb2+ 50. Ke1 Rb1+ 1/2-1/2